[Event "Festuge Open"]
[Site "Festuge"]
[Date "1991.??.??"]
[Round "?"]
[White "Mortensen, Erling"]
[Black "Hector, Jonny"]
[Result "1/2-1/2"]
[WhiteElo "2450"]
[BlackElo "2465"]
[PlyCount "120"]
[EventDate "1991.??.??"]
[Source "www.chesslib.no"]
[SourceDate "2004.05.04"]

1. e4 e5 2. Nf3 Nc6 3. Bb5 a6 4. Ba4 Nf6 5. O-O Be7 6. Re1 b5 7. Bb3 Bb7 8. c3 d5 9. exd5 Nxd5 10. Nxe5 Nxe5 11. Rxe5 Nf4 12. d4 Nxg2 13. Qe2 h6 14. Qh5 g6 15. Qg4 Qd6 16. Nd2 f5 17. Qg3 g5 18. Nf3 Nf4 19. Bxf4 gxf4 20. Rxe7+ Qxe7 21. Qg6+ Kd8 22. Re1 Qh7 23. Qf6+ Kc8 24. Re7 Rg8+ 25. Kf1 Qh8 26. Qxf5+ Kb8 27. Qc5 Rc8 28. Ne5 Ra7 29. Be6 Re8 30. Qxc7+ Ka8 31. Rxe8+ Qxe8 32. Qd6 a5 33. Bd5 Bxd5 34. Qxd5+ Rb7 35. Qd6 f3 36. Nxf3 Qe4 37. Qd8+ Ka7 38. Qxa5+ Kb8 39. Qd8+ Ka7 40. Qa5+ Kb8 41. Ne5 b4 42. Qd8+ Ka7 43. Qa5+ Kb8 44. Qd8+ Ka7 45. cxb4 Qb1+ 46. Ke2 Qxb2+ 47. Ke3 Qc1+ 48. Ke4 Qc2+ 49. Kf3 Qd1+ 50. Ke4 Qc1 51. Kf5 Qc2+ 52. Ke6 Qxf2 53. Kd6 Rb6+ 54. Kd5 Qxa2+ 55. Ke4 Qe2+ 56. Kd5 Qg2+ 57. Kc4 Qc2+ 58. Kd5 Rb5+ 59. Kd6 Rb6+ 60. Kd5 Rb5+ 1/2-1/2

[Event "Open"]
[Site "Limhamn op"]
[Date "1994.??.??"]
[Round "7"]
[White "Jonsson, Hans"]
[Black "Hector, Jonny"]
[Result "0-1"]
[WhiteElo "2390"]
[BlackElo "2515"]
[PlyCount "48"]
[EventDate "1994.??.??"]
[Source "www.chesslib.no"]
[SourceDate "2004.05.04"]

1. e4 e5 2. Nf3 Nc6 3. Bb5 a6 4. Ba4 Nf6 5. O-O Be7 6. Re1 b5 7. Bb3 Bb7 8. a4 Na5 9. Ba2 Nxe4 10. Nxe5 O-O 11. Qh5 Nc4 12. Nxc4 bxc4 13. Bxc4 Bh4 14. Rf1 Bxf2+ 15. Rxf2 Nxf2 16. Kxf2 Qf6+ 17. Kg3 Rae8 18. d4 Qxd4 19. Bd3 Re3+ 20. Bxe3 Qxe3+ 21. Kg4 f5+ 22. Bxf5 Qe2+ 23. Kh4 Qf2+ 24. g3 Rxf5 0-1

[Event "WYCC 2008 U16 boys"]
[Site "Vung Tau City VIE"]
[Date "2008.10.28"]
[Round "9.5"]
[White "Sethuraman, SP."]
[Black "Grandelius, Nils"]
[Result "1/2-1/2"]
[WhiteElo "2441"]
[BlackElo "2464"]
[PlyCount "57"]
[EventDate "2008.10.20"]
[Source "www.chesslib.no"]
[SourceDate "2004.05.04"]

1. e4 e5 2. Nf3 Nc6 3. Bb5 a6 4. Ba4 Nf6 5. O-O Be7 6. Re1 b5 7. Bb3 Bb7 8. c3 d5 9. exd5 Nxd5 10. d3 O-O 11. a4 Bf6 12. Qc2 b4 13. a5 bxc3 14. bxc3 Ndb4 15. cxb4 e4 16. Rxe4 Bxa1 17. Nc3 Qd7 18. Rh4 h6 19. d4 Nxb4 20. Qb1 Bxf3 21. Bxh6 Rfe8 22. gxf3 Bxc3 23. Qg6 Bxd4 24. Bg5 Bxf2+ 25. Kxf2 Nd3+ 26. Kg1 Re1+ 27. Kg2 Re2+ 28. Kf1 Re1+ 29. Kg2 1/2-1/2

[Event "Berliner Sommer"]
[Site "Berlin"]
[Date "1996.??.??"]
[Round "3"]
[White "Hartman, Christer"]
[Black "Hector, Jonny"]
[Result "1/2-1/2"]
[WhiteElo "2370"]
[BlackElo "2525"]
[PlyCount "129"]
[EventDate "1996.08.??"]
[Source "ChessBase"]

1. e4 e5 2. Nf3 Nc6 3. Bb5 a6 4. Ba4 Nf6 5. O-O Be7 6. Re1 b5 7. Bb3 Bb7 8. c3 d5 9. exd5 Nxd5 10. d4 exd4 11. cxd4 O-O 12. Nc3 Ncb4 13. a3 Nxc3 14. bxc3 Nd5 15. Qd3 Bf6 16. Bc2 g6 17. Bh6 Re8 18. Nd2 Bg7 19. Bxg7 Kxg7 20. Qg3 Rxe1+ 21. Rxe1 Qf8 22. c4 bxc4 23. Nxc4 Re8 24. Rxe8 Qxe8 25. Qe5+ Qxe5 26. dxe5 Nf4 27. g3 Ne2+ 28. Kf1 Nd4 29. Bd3 Nf3 30. h4 Kf8 31. Ke2 Ke7 32. Na5 Bd5 33. Bxa6 Nxe5 34. f4 Nd7 35. Nc4 Nc5 36. Ne3 Kd6 37. Nxd5 Kxd5 38. Bd3 Kd4 39. Bb5 Ne4 40. Kf3 c5 41. a4 c4 42. a5 c3 43. Ba4 Nc5 44. Bc2 Na6 45. f5 Nb4 46. fxg6 fxg6 47. Ke2 Nxc2 48. a6 Na3 49. a7 c2 50. a8=Q c1=Q 51. Qd8+ Kc3 52. Qh8+ Kb3 53. Qxh7 Qc2+ 54. Kf3 Qf5+ 55. Kg2 Qe4+ 56. Kh3 Nc4 57. Qf7 Kc3 58. Qf4 Qe6+ 59. Qg4 Qd5 60. Qf4 Nd2 61. Qf6+ Kd3 62. Qxg6+ Ke2 63. Qa6+ Kf2 64. Qa7+ Kf3 65. Qa3+ 1/2-1/2

[Event "Copenhagen op 17th"]
[Site "Copenhagen"]
[Date "1995.??.??"]
[Round "9"]
[White "Brinck Claussen, Bjorn"]
[Black "Hector, Jonny"]
[Result "0-1"]
[WhiteElo "2355"]
[BlackElo "2540"]
[PlyCount "62"]
[EventDate "1995.06.??"]
[Source "ChessBase"]

1. e4 e5 2. Nf3 Nc6 3. Bb5 a6 4. Ba4 Nf6 5. O-O Be7 6. Re1 b5 7. Bb3 Bb7 8. d4 Nxd4 9. Nxd4 exd4 10. e5 Ne4 11. Qg4 Bg5 12. f4 Bh6 13. Qf5 d5 14. Rxe4 g6 15. Qh3 dxe4 16. Qxh6 e3 17. Qg7 Rf8 18. Qxh7 c5 19. c4 Qd7 20. Qh4 f6 21. exf6 Qc6 22. Qg3 O-O-O 23. f7 b4 24. Nd2 Rxf7 25. Nf3 Rf6 26. a3 Rdf8 27. axb4 Rxf4 28. b5 Qe6 29. Bd1 Rg4 30. Qh3 e2 31. Bxe2 Bxf3 0-1

[Event "Aceimar Open"]
[Site "Aceimar"]
[Date "1995.??.??"]
[Round "?"]
[White "Rodriguez, Alberto ARG"]
[Black "Hector, Jonny"]
[Result "1/2-1/2"]
[WhiteElo "2350"]
[BlackElo "2540"]
[PlyCount "35"]
[EventDate "1995.??.??"]
[Source "www.chesslib.no"]
[SourceDate "2004.05.04"]

1. e4 e5 2. Nf3 Nc6 3. Bb5 a6 4. Ba4 Nf6 5. O-O Be7 6. Re1 b5 7. Bb3 Bb7 8. d4 Nxd4 9. Nxd4 exd4 10. e5 Ne4 11. Qg4 Bg5 12. Bf4 Bxf4 13. Qxf4 Ng5 14. Qxd4 O-O 15. Nc3 Ne6 16. Qe3 c5 17. Bd5 Bxd5 18. Nxd5 1/2-1/2

[Event "I Torneig Int. Ciutat d'Alcúdia"]
[Site "Alcúdia"]
[Date "2003.11.17"]
[Round "3.3"]
[White "Gamundi Salamanca, Antonio"]
[Black "Baron Rodriguez, Jesus"]
[Result "1/2-1/2"]
[WhiteElo "2453"]
[BlackElo "2419"]
[PlyCount "95"]
[EventDate "2003.11.15"]
[Source "Roberto Alvarez"]
[SourceDate "2003.12.01"]

1. e4 e5 2. Nf3 Nc6 3. Bb5 a6 4. Ba4 Nf6 5. O-O Be7 6. Re1 b5 7. Bb3 Bb7 8. d3 O-O 9. a4 d6 10. axb5 axb5 11. Rxa8 Qxa8 12. c3 Na5 13. Bc2 c5 14. Nbd2 Re8 15. Nf1 Bf8 16. Ng3 d5 17. Qd2 Qb8 18. h3 Qc7 19. Nf5 c4 20. exd5 cxd3 21. Qxd3 Nc4 22. Ng5 g6 23. Ne4 Nxe4 24. Rxe4 Qd7 25. Nh6+ Bxh6 26. Bxh6 Nxb2 27. Qf3 f5 28. Rb4 Bxd5 29. Bxf5 gxf5 30. Qg3+ Kh8 31. Rxb2 f4 32. Qg5 Bc4 33. Rd2 Qe7 34. Qxe7 Rxe7 35. Rd8+ Bg8 36. Rb8 Re6 37. Bf8 Bf7 38. Rxb5 Kg8 39. Rb8 Be8 40. Bc5 Kf7 41. g3 Rc6 42. Bb4 Ra6 43. Rb7+ Ke6 44. Kf1 Ra1+ 45. Ke2 Ra2+ 46. Ke1 Ra1+ 47. Ke2 Ra2+ 48. Ke1 1/2-1/2

[Event "EU-chT (Men)"]
[Site "Haifa"]
[Date "1989.??.??"]
[Round "3"]
[White "Gruenfeld, Yehuda"]
[Black "Yilmaz, Turham"]
[Result "1-0"]
[WhiteElo "2530"]
[BlackElo "2325"]
[PlyCount "73"]
[EventDate "1989.11.??"]
[Source "ChessBase"]

1. e4 e5 2. Nf3 Nc6 3. Bb5 a6 4. Ba4 Nf6 5. O-O Be7 6. Re1 b5 7. Bb3 Bb7 8. d4 Nxd4 9. Nxd4 exd4 10. e5 Nd5 11. Qg4 g6 12. Qf3 c6 13. Nd2 Qa5 14. Re2 Qb6 15. Ne4 O-O-O 16. Bg5 Kb8 17. Qg3 Ka8 18. Bxd5 cxd5 19. Nd6 Bxg5 20. Qxg5 Rdf8 21. Qf6 Rhg8 22. Rd1 Bc6 23. b4 Ka7 24. Red2 Ba8 25. Rxd4 Qd8 26. Qxd8 Rxd8 27. Rf4 Rgf8 28. Rf6 Bc6 29. h4 Kb6 30. c3 Ra8 31. a3 a5 32. Rd3 axb4 33. cxb4 Ra4 34. Rxf7 Rfa8 35. Rxh7 Rxa3 36. Rxa3 Rxa3 37. e6 1-0

[Event "Berliner Sommer"]
[Site "Berlin GER"]
[Date "1993.??.??"]
[Round "?"]
[White "Kruszynski, Wlodzimierz"]
[Black "Hector, Jonny"]
[Result "0-1"]
[WhiteElo "2380"]
[BlackElo "2470"]
[PlyCount "80"]
[EventDate "1993.08.??"]
[Source "www.chesslib.no"]
[SourceDate "2004.05.04"]

1. e4 e5 2. Nf3 Nc6 3. Bb5 a6 4. Ba4 Nf6 5. O-O Be7 6. Re1 b5 7. Bb3 Bb7 8. a4 O-O 9. d3 d6 10. Nc3 Na5 11. Ba2 b4 12. Ne2 Rb8 13. Ng3 c5 14. Bd2 Bc8 15. h3 Ne8 16. Nf1 Nc7 17. Ne3 Kh8 18. Qe2 Be6 19. Bxe6 fxe6 20. c3 Nb3 21. Rad1 Qe8 22. Nc4 Nxd2 23. Rxd2 Qxa4 24. d4 bxc3 25. bxc3 exd4 26. cxd4 Qc6 27. d5 Qd7 28. Na5 exd5 29. exd5 Bf6 30. Qd3 Rb4 31. Nc6 Rf4 32. Re4 Rf5 33. Qc4 Qf7 34. Rf4 Rxd5 35. Re2 Rd1+ 36. Kh2 Qxc4 37. Rxc4 Kg8 38. g4 Nd5 39. Ne1 Rc8 40. Na5 Bc3 0-1

[Event "Tch-ESP Division de Honor"]
[Site "Lanzarote"]
[Date "2003.05.14"]
[Round "9.15"]
[White "Martin Gonzalez, Angel"]
[Black "Baron Rodriguez, Jesus"]
[Result "0-1"]
[WhiteElo "2414"]
[BlackElo "2418"]
[PlyCount "85"]
[EventDate "2003.05.06"]
[Source "Roberto Alvarez"]
[SourceDate "2003.05.19"]

1. e4 e5 2. Nf3 Nc6 3. Bb5 a6 4. Ba4 Nf6 5. O-O Be7 6. Re1 b5 7. Bb3 Bb7 8. d3 O-O 9. Nbd2 d6 10. c3 Na5 11. Bc2 c5 12. Nf1 Re8 13. Ng3 Bf8 14. a3 h6 15. b4 Nc6 16. Bb3 d5 17. exd5 Nxd5 18. Ne4 cxb4 19. axb4 Re6 20. Qc2 a5 21. Nc5 Bxc5 22. bxc5 a4 23. Ba2 b4 24. Bc4 bxc3 25. Rxa4 Rg6 26. g3 Rf6 27. Rxa8 Bxa8 28. Nxe5 Re6 29. f4 f6 30. Nf3 Nd4 31. Nxd4 Rxe1+ 32. Kf2 Rh1 33. Nf3 Kh8 34. d4 Qe8 35. Bf1 Nb4 36. Qxc3 Na2 37. Qc4 Qe4 38. d5 Bxd5 39. Qxe4 Bxe4 40. Nd2 Rxh2+ 41. Ke3 Bc6 42. Ba3 Nc3 43. Bd3 0-1

[Event "USCL Semi-Finals 2007"]
[Site "ICC INT"]
[Date "2007.11.19"]
[Round "1"]
[White "Martinez, Marce"]
[Black "Stopa, Ja"]
[Result "1/2-1/2"]
[WhiteElo "2414"]
[BlackElo "2410"]
[PlyCount "155"]
[EventDate "2007.11.14"]
[Source "www.chesslib.no"]
[SourceDate "2004.05.04"]

1. e4 e5 2. Nf3 Nc6 3. Bb5 a6 4. Ba4 Nf6 5. O-O Be7 6. Re1 b5 7. Bb3 Bb7 8. d4 Nxd4 9. Nxd4 exd4 10. e5 Ne4 11. Qf3 O-O 12. Rxe4 c5 13. c4 f5 14. exf6 Bxf6 15. Bf4 Bg5 16. Qg4 Bxf4 17. Rxf4 Qa5 18. Rxf8+ Rxf8 19. cxb5+ Kh8 20. Qe2 axb5 21. Nd2 c4 22. Bd1 Qb4 23. Rb1 Qc5 24. Qh5 Rf5 25. Qe8+ Rf8 26. Qh5 Rf5 27. Qh4 g5 28. Qg4 c3 29. Nb3 c2 30. Bxc2 Qxc2 31. Qxd4+ Kg8 32. Re1 Bc6 33. h3 Rf8 34. Re7 Qb1+ 35. Kh2 Qg6 36. Re5 h6 37. Nc5 Qf6 38. Ne4 Qg7 39. Kg1 Rf4 40. Re8+ Kh7 41. Qxg7+ Kxg7 42. Ng3 Rc4 43. Nf5+ Kg6 44. Ne3 Rc1+ 45. Kh2 Rb1 46. b3 Rb2 47. Kg3 Rxa2 48. Ng4 h5 49. Ne5+ Kf5 50. Nxc6 dxc6 51. Rf8+ Kg6 52. Rg8+ Kf6 53. Rf8+ Kg6 54. Rg8+ Kh6 55. Rh8+ Kg6 56. Rg8+ Kf6 57. h4 gxh4+ 58. Kxh4 Kf7 59. Rg3 Rxf2 60. Kxh5 Ke6 61. Re3+ Kd5 62. g4 Rh2+ 63. Kg6 Rg2 64. g5 Kd4 65. Rf3 c5 66. Kf5 c4 67. bxc4 bxc4 68. g6 c3 69. Rf1 c2 70. Rc1 Kd3 71. Kf6 Kd2 72. Rxc2+ Kxc2 73. g7 Kb1 74. Kf7 Rf2+ 75. Ke8 Re2+ 76. Kf8 Rg2 77. g8=Q Rxg8+ 78. Kxg8 1/2-1/2

[Event "Capablanca Premier I"]
[Site "La Habana"]
[Date "2003.05.17"]
[Round "12"]
[White "Ramirez Alvarez, Alejandro"]
[Black "Otero, Diasmany"]
[Result "0-1"]
[WhiteElo "2421"]
[BlackElo "2394"]
[PlyCount "60"]
[EventDate "2003.05.06"]
[Source "Roberto Alvarez"]
[SourceDate "2003.05.19"]

1. e4 e5 2. Nf3 Nc6 3. Bb5 a6 4. Ba4 Nf6 5. O-O Be7 6. Re1 b5 7. Bb3 Bb7 8. c3 d5 9. exd5 Nxd5 10. Nxe5 Nxe5 11. Rxe5 Nf4 12. d4 Nxg2 13. Qe2 h6 14. Rxb5 Qc8 15. Re5 O-O 16. Rxe7 Qh3 17. d5 Nh4 18. f3 Nxf3+ 19. Kf2 Nxh2 20. Nd2 Rad8 21. c4 Rd6 22. Ke1 Rg6 23. Kd1 Bc8 24. Re3 Rg1+ 25. Kc2 Bf5+ 26. Kc3 Rg3 27. Rxg3 Qxg3+ 28. Kd4 c5+ 29. Kxc5 Qg1+ 30. Kb4 Qb6+ 0-1

[Event "Novi Sad"]
[Site "Novi Sad"]
[Date "1992.??.??"]
[Round "4"]
[White "Nevostrujev, Vladimir"]
[Black "Lazic, Miroljub"]
[Result "1-0"]
[WhiteElo "2385"]
[BlackElo "2430"]
[PlyCount "71"]
[EventDate "1992.01.??"]
[Source "ChessBase"]

1. e4 e5 2. Nf3 Nc6 3. Bb5 a6 4. Ba4 Nf6 5. O-O Be7 6. Re1 b5 7. Bb3 Bb7 8. d4 d6 9. c3 O-O 10. Nbd2 h6 11. a3 Re8 12. Bc2 Bf8 13. b4 a5 14. Bb2 exd4 15. Nxd4 Nxd4 16. cxd4 axb4 17. axb4 d5 18. e5 Rxa1 19. Bxa1 Qe7 20. Bc3 Ne4 21. Nxe4 dxe4 22. Qe2 Qe6 23. Qxb5 Ba6 24. Qa4 Ra8 25. d5 Qxd5 26. Bxe4 Qc4 27. Bxa8 Qxc3 28. Qa1 Bxb4 29. Rb1 Qxa1 30. Rxa1 Be2 31. Bd5 Bh5 32. Ra8+ Kh7 33. Ra7 Bc3 34. Bxf7 Bxf7 35. Rxc7 Bxe5 36. Rxf7 1-0

[Event "Wichern Open 3rd"]
[Site "Hamburg GER"]
[Date "1995.??.??"]
[Round "1"]
[White "Sawatzki, Frank"]
[Black "Hector, Jonny"]
[Result "0-1"]
[WhiteElo "2255"]
[BlackElo "2540"]
[PlyCount "96"]
[EventDate "1995.09.??"]
[Source "www.chesslib.no"]
[SourceDate "2004.05.04"]

1. e4 e5 2. Nf3 Nc6 3. Bb5 a6 4. Ba4 Nf6 5. O-O Be7 6. Re1 b5 7. Bb3 Bb7 8. c3 d5 9. exd5 Nxd5 10. Nxe5 Nxe5 11. Rxe5 O-O 12. d4 Bf6 13. Re1 Qd6 14. Be3 Rae8 15. Nd2 Nxe3 16. fxe3 Bg5 17. Nf1 Qh6 18. Qd2 Kh8 19. a4 f5 20. axb5 axb5 21. Qd3 Be4 22. Qxb5 Rb8 23. Qc4 c6 24. Qa4 Bh4 25. g3 Bg5 26. Bc2 Rxb2 27. Qa3 Rbb8 28. Bxe4 fxe4 29. h4 Bxh4 30. Re2 Bg5 31. c4 Rf3 32. Rf2 Rxf2 33. Kxf2 Qh1 34. Ke1 Kg8 35. c5 Rf8 36. Qb3+ Kh8 37. Qf7 Be7 38. Qc4 h6 39. Ra7 Bg5 40. Rf7 Rb8 41. Qe2 Qg1 42. Kd1 Bf6 43. Rxf6 gxf6 44. Kc2 Ra8 45. Kb2 Qh1 46. Qf2 Qf3 47. Qe1 Qg2+ 48. Nd2 Rg8 0-1

[Event "Politiken Cup"]
[Site "Helsingor DAN"]
[Date "2008.07.26"]
[Round "9"]
[White "Klein, Fe"]
[Black "Hector, J."]
[Result "0-1"]
[WhiteElo "2241"]
[BlackElo "2537"]
[PlyCount "58"]
[EventDate "2008.07.19"]
[Source "www.chesslib.no"]
[SourceDate "2004.05.04"]

1. e4 e5 2. Nf3 Nc6 3. Bb5 a6 4. Ba4 Nf6 5. O-O Be7 6. Re1 b5 7. Bb3 Bb7 8. d3 O-O 9. Nbd2 Re8 10. c3 Bf8 11. a4 Na5 12. Ba2 c5 13. Ng5 d5 14. f4 h6 15. fxe5 hxg5 16. exf6 gxf6 17. exd5 c4 18. dxc4 bxc4 19. Rxe8 Qb6+ 20. Kf1 Rxe8 21. Nxc4 Nxc4 22. Bxc4 Qc7 23. Qd4 Qxh2 24. Be3 Re5 25. Re1 Qh1+ 26. Bg1 Rf5+ 27. Ke2 Qxg2+ 28. Bf2 Qf3+ 29. Kf1 Rf4 0-1

[Event "Dos Hermanas"]
[Site "?"]
[Date "2004.03.26"]
[Round "2.8"]
[White "Cheparinov Ivan"]
[Black "Recuero Guerra David"]
[Result "1-0"]
[WhiteElo "2550"]
[BlackElo "2225"]
[PlyCount "160"]
[EventDate "2004.??.??"]
[Source "www.chesslib.no"]
[SourceDate "2004.05.04"]

1. e4 e5 2. Nf3 Nc6 3. Bb5 a6 4. Ba4 Nf6 5. O-O Be7 6. Re1 b5 7. Bb3 Bb7 8. d4 Nxd4 9. Bxf7+ Kf8 10. Bd5 c6 11. Nxe5 cxd5 12. Qxd4 dxe4 13. Qd1 d5 14. Ng4 Rc8 15. c3 Nxg4 16. Qxg4 Bf6 17. Be3 b4 18. Rd1 Kf7 19. Nd2 bxc3 20. bxc3 Re8 21. Rab1 Bc6 22. Nb3 Kg8 23. Nd4 Ba4 24. Rdc1 Qd7 25. Qxd7 Bxd7 26. Rb6 Bb5 27. Nxb5 axb5 28. Rxb5 Rxc3 29. Rxc3 Bxc3 30. Rxd5 Ra8 31. Bd2 Bxd2 32. Rxd2 Kf7 33. Kf1 Ke6 34. Ke1 g5 35. Kd1 Ke5 36. Re2 Kd5 37. h3 h5 38. Rb2 Ra5 39. Kd2 Ra3 40. Kc1 g4 41. Rd2+ Ke5 42. hxg4 hxg4 43. Kb2 Ra8 44. a3 Rb8+ 45. Kc3 Rc8+ 46. Kb4 Rb8+ 47. Kc3 Rc8+ 48. Kb3 Rb8+ 49. Kc2 Ra8 50. Kb2 Rb8+ 51. Kc1 Rb3 52. Ra2 g3 53. fxg3 Rxg3 54. a4 e3 55. a5 Kd6 56. Kb1 Kc7 57. a6 Kb6 58. a7 e2 59. a8=N+ Kb7 60. Rxe2 Kxa8 61. Rb2 Rc3 62. Rc2 Rd3 63. Kc1 Kb7 64. Rd2 Re3 65. Kd1 Kc6 66. Re2 Rg3 67. Ke1 Kd5 68. Kf2 Rg6 69. Kf3 Rf6+ 70. Kg4 Rg6+ 71. Kf5 Rg3 72. Rd2+ Kc6 73. Kf4 Rg8 74. g4 Rf8+ 75. Ke5 Rg8 76. Kf5 Rf8+ 77. Ke6 Rg8 78. Rc2+ Kb7 79. Rc4 Kb6 80. Kf7 Rg5 1-0

[Event "Rimavska Sobota"]
[Site "Rimavska Sobota"]
[Date "1974.??.??"]
[Round "6"]
[White "Timoscenko, Genadij"]
[Black "Blatny, Frantisek"]
[Result "1-0"]
[WhiteElo "2425"]
[BlackElo "2345"]
[PlyCount "77"]
[EventDate "1974.??.??"]
[Source "ChessBase"]

1. e4 e5 2. Nf3 Nc6 3. Bb5 a6 4. Ba4 Nf6 5. O-O Be7 6. Re1 b5 7. Bb3 Bb7 8. a4 O-O 9. d3 d6 10. Bd2 Qd7 11. Nc3 Nd8 12. axb5 axb5 13. Rxa8 Bxa8 14. d4 exd4 15. Nxd4 b4 16. Nd5 Nxd5 17. exd5 Bf6 18. Bxb4 c5 19. dxc6 Nxc6 20. Bc3 Ne5 21. f3 Qa7 22. Kh1 Qc5 23. Qe2 Ng6 24. Qc4 Qg5 25. Ne2 Nh4 26. Ng3 d5 27. Qb4 h5 28. Bxf6 gxf6 29. Qd4 Ng6 30. Qe3 Nf4 31. Rg1 h4 32. Ne2 Nxe2 33. Qxe2 d4 34. h3 Bc6 35. Qc4 Ba8 36. Qxd4 f5 37. Qe5 Kh7 38. Bc4 Rg8 39. Bd3 1-0

[Event "XVIII Open"]
[Site "Pula"]
[Date "2004.06.23"]
[Round "6"]
[White "Brkic, Ante"]
[Black "Ascic, Pero"]
[Result "1/2-1/2"]
[WhiteElo "2427"]
[BlackElo "2341"]
[PlyCount "107"]
[EventDate "2004.06.19"]
[Source "Roberto Alvarez"]
[SourceDate "2004.06.28"]

1. e4 e5 2. Nf3 Nc6 3. Bb5 a6 4. Ba4 Nf6 5. O-O Be7 6. Re1 b5 7. Bb3 Bb7 8. d3 O-O 9. a4 d6 10. c3 Na5 11. Ba2 c5 12. Na3 c4 13. Bg5 cxd3 14. Bxf6 Bxf6 15. axb5 axb5 16. Qxd3 b4 17. cxb4 Nc6 18. Qd2 Nd4 19. Nxd4 exd4 20. Bd5 Bxd5 21. exd5 Qd7 22. Qd3 Rab8 23. b5 Qb7 24. Qb3 Bd8 25. Red1 Bb6 26. Nc2 g6 27. Nxd4 Bxd4 28. Rxd4 Qxb5 29. Qxb5 Rxb5 30. b4 Rfb8 31. Ra4 Rc8 32. g4 g5 33. Kg2 Rc3 34. f3 Rc2+ 35. Kg3 Rb2 36. h4 h6 37. Ra6 R2xb4 38. Rxb4 Rxb4 39. h5 Rd4 40. Rxd6 Kg7 41. Rd7 Rd2 42. d6 Kf6 43. Rd8 Kg7 44. Rd7 Kf6 45. Rd8 Kg7 46. f4 Rd3+ 47. Kf2 gxf4 48. Ke2 Rd4 49. Kf3 Kf6 50. d7 Kg7 51. Ke2 Kh7 52. Kf3 Kg7 53. Ke2 Kh7 54. Kf3 1/2-1/2

[Event "Goodricke op"]
[Site "Calcutta"]
[Date "1997.??.??"]
[Round "10"]
[White "Konguvel, Ponnuswamy"]
[Black "Mari Arul, S."]
[Result "0-1"]
[WhiteElo "2425"]
[BlackElo "2335"]
[PlyCount "36"]
[EventDate "1997.02.??"]
[Source "ChessBase"]

1. e4 e5 2. Nf3 Nc6 3. Bb5 a6 4. Ba4 Nf6 5. O-O Be7 6. Re1 b5 7. Bb3 Bb7 8. c3 d5 9. exd5 Nxd5 10. Nxe5 Nxe5 11. Rxe5 Nf4 12. d4 Nxg2 13. Qe2 h6 14. Rxb5 Qc8 15. Rh5 O-O 16. Nd2 Nf4 17. Qd1 g6 18. Nf1 Qh3 0-1

[Event "POL-chT"]
[Site "Lubniewice"]
[Date "1981.??.??"]
[Round "5"]
[White "Petryk, Henryk"]
[Black "Kostyra, Stanislaw"]
[Result "1-0"]
[WhiteElo "2390"]
[BlackElo "2370"]
[PlyCount "83"]
[EventDate "1981.??.??"]
[Source "ChessBase"]

1. e4 e5 2. Nf3 Nc6 3. Bb5 a6 4. Ba4 Nf6 5. O-O Be7 6. Re1 b5 7. Bb3 Bb7 8. d3 O-O 9. a4 d6 10. Nc3 Na5 11. Ba2 b4 12. Ne2 c5 13. Bd2 Bc8 14. Ng3 Ne8 15. c3 Rb8 16. cxb4 cxb4 17. h3 Nc7 18. Rc1 Ne6 19. Bd5 Nc5 20. Be3 Qc7 21. d4 exd4 22. Nxd4 Bf6 23. Nh5 Qe7 24. e5 Qxe5 25. Nc6 Nxc6 26. Bxc5 dxc5 27. Rxe5 Nxe5 28. Nxf6+ gxf6 29. Rxc5 Bb7 30. Bxb7 Rxb7 31. Qd6 Kg7 32. Qxa6 Rd7 33. f4 Rd1+ 34. Kh2 Nd7 35. Qe2 Nxc5 36. Qg4+ Kh8 37. Qxd1 Kg7 38. Qg4+ Kh8 39. Qf5 Nxa4 40. Qxf6+ Kg8 41. Qg5+ Kh8 42. Qa5 1-0

[Event "SVK Team Ch"]
[Site "Slovakia"]
[Date "1995.??.??"]
[Round "?"]
[White "Lanc, Alois"]
[Black "Habinak, Tomas"]
[Result "1-0"]
[WhiteElo "2415"]
[BlackElo "2345"]
[PlyCount "63"]
[EventDate "1995.??.??"]
[Source "www.chesslib.no"]
[SourceDate "2004.05.04"]

1. e4 e5 2. Nf3 Nc6 3. Bb5 a6 4. Ba4 Nf6 5. O-O Be7 6. Re1 b5 7. Bb3 Bb7 8. d4 Nxd4 9. Bxf7+ Kf8 10. Bd5 Nxf3+ 11. Qxf3 Bxd5 12. exd5 d6 13. Bg5 h6 14. Bxf6 Bxf6 15. Nc3 Qd7 16. Ne4 Kf7 17. Re3 Raf8 18. Ra3 Qc8 19. Rc3 Qd7 20. Rc6 Ra8 21. Qh5+ Ke7 22. h3 Ra7 23. b3 Qe8 24. Qe2 Qf7 25. Rd1 Kd7 26. c4 Rb8 27. c5 dxc5 28. Nxc5+ Ke8 29. Nxa6 Rbb7 30. Nb4 Qd7 31. f4 Qe7 32. Re6 1-0

[Event "XIX Czech Chladek & Tintera A Open"]
[Site "Pardubice CEC"]
[Date "2008.07.23"]
[Round "6"]
[White "Majdan, J."]
[Black "Smith, Ax"]
[Result "1/2-1/2"]
[WhiteElo "2323"]
[BlackElo "2427"]
[PlyCount "106"]
[EventDate "2008.07.18"]
[Source "www.chesslib.no"]
[SourceDate "2004.05.04"]

1. e4 e5 2. Nf3 Nc6 3. Bb5 a6 4. Ba4 Nf6 5. O-O Be7 6. Re1 b5 7. Bb3 Bb7 8. c3 d5 9. d3 dxe4 10. dxe4 Qxd1 11. Bxd1 O-O 12. Nbd2 Rfd8 13. Bc2 Nd7 14. Nf1 Bd6 15. Bg5 f6 16. Be3 Bc5 17. Rad1 Bxe3 18. Nxe3 Ne7 19. Nh4 Nb6 20. Kf1 Kf8 21. Ke2 Ke8 22. f3 Rxd1 23. Rxd1 Rd8 24. Rxd8+ Kxd8 25. Nhf5 Nxf5 26. exf5 Nd5 27. Nxd5 Bxd5 28. b3 Kd7 29. Be4 Bf7 30. Kd3 Kd6 31. Kd2 a5 32. Bc2 c5 33. Ke3 b4 34. c4 Bg8 35. g4 Bf7 36. h4 a4 37. Bd3 Bg8 38. Be2 Bf7 39. Bd3 Bg8 40. Be2 a3 41. h5 Bf7 42. Bd3 Be8 43. Be2 Bd7 44. Bd3 Be8 45. Be2 Bd7 46. Bd3 Bc6 47. Be2 Ba4 48. Bd1 Bd7 49. Be2 Bc6 50. Bd1 Bb7 51. Be2 h6 52. Bd1 Bc6 53. Be2 Ba4 1/2-1/2

[Event "NOR Ch"]
[Site "?"]
[Date "2004.07.06"]
[Round "5"]
[White "Djurhuus Rune"]
[Black "Jansson Joran"]
[Result "1-0"]
[WhiteElo "2483"]
[BlackElo "2256"]
[PlyCount "121"]
[EventDate "2004.??.??"]
[Source "www.chesslib.no"]
[SourceDate "2004.05.04"]

1. e4 e5 2. Nf3 Nc6 3. Bb5 a6 4. Ba4 Nf6 5. O-O Be7 6. Re1 b5 7. Bb3 Bb7 8. d3 O-O 9. Nc3 d6 10. a3 Nd4 11. Ba2 c5 12. Bg5 h6 13. Bxf6 Bxf6 14. Bd5 Bxd5 15. Nxd5 Ne6 16. g3 Nc7 17. Nxc7 Qxc7 18. Nd2 Qc6 19. c4 Rfb8 20. Rb1 Rb7 21. Nf1 Rab8 22. b3 a5 23. Ne3 Bg5 24. Nd5 bxc4 25. dxc4 a4 26. b4 cxb4 27. Rxb4 Rxb4 28. axb4 Qxc4 29. h4 Bd8 30. Qxa4 Bb6 31. Qd7 Bd4 32. Qxd6 Ra8 33. Qc6 Bxf2+ 34. Kxf2 Ra2+ 35. Kf3 Qd3+ 36. Kg4 h5+ 37. Kxh5 Qxg3 38. Qe8+ Kh7 39. Nf6+ gxf6 40. Qxf7+ Qg7 41. Qxg7+ Kxg7 42. Rb1 Ra6 43. b5 Rb6 44. Kg4 Kg6 45. h5+ Kg7 46. Kf5 Kh7 47. Rc1 Kh6 48. Rc7 Rxb5 49. Kxf6 Kxh5 50. Rg7 Kh6 51. Re7 Ra5 52. Rxe5 Ra1 53. Kf7 Ra7+ 54. Re7 Ra1 55. e5 Rf1+ 56. Ke6 Kg6 57. Ra7 Rb1 58. Ke7 Rh1 59. Ra6+ Kf5 60. e6 Rh7+ 61. Kd8 1-0

[Event "La Raza"]
[Site "Medellin"]
[Date "2003.10.16"]
[Round "3"]
[White "Echavarria, Johann"]
[Black "Pazos Gambarrotti, Plinio"]
[Result "1/2-1/2"]
[WhiteElo "2351"]
[BlackElo "2381"]
[PlyCount "34"]
[EventDate "2003.10.15"]
[Source "Roberto Alvarez"]
[SourceDate "2003.10.27"]

1. e4 e5 2. Nf3 Nc6 3. Bb5 a6 4. Ba4 Nf6 5. O-O Be7 6. Re1 b5 7. Bb3 Bb7 8. c3 d5 9. exd5 Nxd5 10. Nxe5 Nxe5 11. Rxe5 Nf4 12. d4 Nxg2 13. Bg5 f6 14. Bxf6 gxf6 15. Qh5+ Kd7 16. Qf5+ Ke8 17. Qh5+ Kd7 1/2-1/2

[Event "GER CupT"]
[Site "GER"]
[Date "1991.??.??"]
[Round "?"]
[White "Mainka, Romuald"]
[Black "Kaeser, Udo"]
[Result "0-1"]
[WhiteElo "2430"]
[BlackElo "2295"]
[PlyCount "74"]
[EventDate "1991.??.??"]
[Source "www.chesslib.no"]
[SourceDate "2004.05.04"]

1. e4 e5 2. Nf3 Nc6 3. Bb5 a6 4. Ba4 Nf6 5. O-O Be7 6. Re1 b5 7. Bb3 Bb7 8. a4 O-O 9. d3 Re8 10. c3 d5 11. exd5 Nxd5 12. Nxe5 Nxe5 13. Rxe5 Qd6 14. Re2 Qg6 15. Qf1 Bc5 16. Bd1 Rxe2 17. Bxe2 Re8 18. Bf3 Nf4 19. Bxf4 Bxf3 20. Nd2 Be2 21. Qe1 Qxd3 22. Nb3 Bb6 23. a5 Ba7 24. Qd2 Qxd2 25. Bxd2 Bc4 26. Nd4 g6 27. Re1 Rxe1+ 28. Bxe1 Bc5 29. Bd2 Bd5 30. Be3 Bd6 31. g3 Kf8 32. Kf1 h5 33. Ke2 Ke7 34. Kd3 c5 35. Ne2 Bg2 36. Kd2 Kd7 37. Bf4 Bf3 0-1